23-24 NFL Wr's That Had Over 1000 Yards - Statistics

General Stats
  • This quiz has been taken 139 times
  • The average score is 25 of 27
Answer Stats
Team Wide Receiver Receiving Yards % Correct
Buccaneers Mike Evans 1,255
100%
Dolphins Tyreek Hill 1,799
100%
Eagles A.J Brown 1,456
99%
Lions Amon-Ra St. Brown 1,515
99%
Cowboys CeeDee Lamb 1,749
99%
Seahawks DK Metcalf 1,114
98%
Rams Puka Nacua 1,486
98%
Eagles Devonta Smith 1,066
97%
Bengals Ja'Marr Chase 1,216
97%
Dolphins Jaylen Waddle 1,014
97%
Vikings Justin Jefferson 1,074
97%
Raiders Davante Adams 1,144
96%
Bills Stefon Diggs 1,183
95%
Browns Amari Cooper 1,250
93%
Buccaneers Chris Godwin 1,024
93%
Steelers George Pickens 1,140
93%
49ers Brandon Aiyuk 1,342
92%
Bears DJ Moore 1,364
92%
Jets Garrett Wilson 1,042
92%
Texans Nico Collins 1,297
92%
Chargers Keenan Allen 1,243
90%
Commanders Terry Mclaurin 1,002
90%
Saints Chris Olave 1,123
89%
Colts Michael Pittman Jr. 1,152
87%
Titans DeAndre Hopkins 1,057
85%
Panthers Adam Thielen 1,014
81%
Jaguars Calvin Ridley 1,016
74%
No matching quizzes found
Score Distribution
Percent of People with Each Score
Percentile by Number Answered
Your Score History
You have not taken this quiz